| 000 | 00452nam a2200205Ia 4500 | ||
|---|---|---|---|
| 003 | 0100 | ||
| 008 | 130303s9999 xx 000 0 und d | ||
| 040 | _cARRUPELIB | ||
| 050 | _aBD150.T513 | ||
| 245 | _aTruth | ||
| 245 | _bSt. Thomas Aquinas | ||
| 260 | _aChicago | ||
| 260 | _bHenry Regnery Company | ||
| 260 | _C1953 | ||
| 300 | _axxvi | ||
| 300 | _b 472p. 25cm. | ||
| 650 | _aPHILOSOPHY | ||
| 700 | _aMulligan, Robert W | ||
| 942 | 0 | 0 | _03 |
| 999 |
_c54403 _d54403 |
||